Normal view
MARC view
- Muhammad Haris Khan (00000275063)
Entry Personal Name
001 - CONTROL NUMBER
- control field: 116736
003 - CONTROL NUMBER IDENTIFIER
- control field: NUST
005 - DATE AND TIME OF LATEST TRANSACTION
- control field: 20230912170032.0
008 - FIXED-LENGTH DATA ELEMENTS
- fixed length control field: 230912|| aca||aabn | a|a d
040 ## - CATALOGING SOURCE
- Original cataloging agency: NUST
- Transcribing agency: NUST
100 ## - HEADING--PERSONAL NAME
- Personal name: Muhammad Haris Khan (00000275063)
670 ## - SOURCE DATA FOUND
- Source citation: Work cat.: (NUST): Muhammad Haris Khan (00000275063), Optimal Allocation and Sizing of Distributed Generation in Radial Distribution System using Honey Badger Algorithm /, 2022
